| 000 | 01167nam a22001937a 4500 | ||
|---|---|---|---|
| 003 | JO-AjAnu | ||
| 005 | 20240605111803.0 | ||
| 008 | 240414b jo ||||| |||| 00| 0 ara d | ||
| 040 |
_aJO-AjAnu _bara _cJO-AjAnu |
||
| 041 | 0 | _aara | |
| 100 | 1 |
_aالعلاونة، معاذ خالد حسن _eمعد _965352 |
|
| 245 | 1 | 0 |
_aأثر استخدام تكنولوجيا المعلومات على رضا العملاء في البنوك التجارية الاردنية، الثقافة الرقمية : كمتغير معدل = The Impact of Information Technology on Customer Satisfaction at Jordanian Commercial Banks, Digital Culture : as a Moderating Variable _cاعداد معاذ خالد حسن العلاونة ؛ اشراف هشام علي شطناوي |
| 260 | _c2023 | ||
| 300 | _a119 ورقة | ||
| 500 | _aرسالة جامعية ( رسالة ماجستير في ادارة الاعمال ) - جامعة عجلون الوطنية (عجلون، الاردن)، كلية الاعمال، 2023. | ||
| 650 | 7 | 0 |
_aخدمات العملاء - البنوك التجارية _965353 |
| 700 | 1 |
_aشطناوي، هشام علي _eمشرف _964974 |
|
| 942 |
_2lcc _cTHS _n0 |
||
| 999 |
_c33449 _d33449 |
||